000
00272nam a22001097a 4500
082
_a
900
100
_a
Nag Arnab
_9
80523
245
_a
Reflections on Africa
260
_a
Kolkata
_b
Instiyute of Social and cultural Studies
_c
2017
650
_a
article
_9
17951
942
_c
BK
999
_c
63866
_d
63866